Maat joissa Hesburgerilla on ravintola - Statistics

Yleistilastot
  • Tätä visaa on pelattu 228 kertaa
  • Keskiarvotulos 7 / 9
Vastaustilastot
Valtio % Oikein
Suomi
99%
Viro
97%
Latvia
95%
Liettua
94%
Venäjä
91%
Saksa
84%
Ukraina
69%
Valko-Venäjä
68%
Bulgaria
40%
Ehtoja vastaavia visoja ei löytynyt
Tulosjakauma
Jokaisen tuloksen saaneiden osuus
Persentiili vastausten määrän mukaan
Tuloshistoriasi
Et ole pelannut tätä visaa